000 00295nam a2200097Ia 4500
008 220120s9999||||xx |||||||||||||| ||und||
100 _aMegha N K and othes
_912499
245 0 _aLane departure warning system
260 _aCoorg Institute of Technology
_bPonnampet
_c2014
650 _aCOMPUTER SCIENCE
999 _c138097
_d138097